Score 0/40 Timer 05:00
4 Plays Today
Question Answer Wrong Answers
...Baby _____ More Time
Britney Spears album
One
93.5%
Two
0.5%
Three
0.2%
Four
0.1%
Fantastic _____
Marvel superhero group
Four
93.1%
One
0.3%
Two
0.4%
Three
0.6%
_____ Direction
British boy band, 'Best Song Ever'
One
93.1%
Two
0.7%
Three
0.3%
Four
0.4%
The _____ Musketeers
Alexandre Dumas novel
Three
93%
One
0.2%
Two
0.4%
Four
0.8%
A Tale of _____ Cities
Charles Dickens novel
Two
92.9%
One
0.3%
Three
0.7%
Four
0.3%
_____-Face
Batman villain, alter-ego of Harvey Dent
Two
92.5%
One
0.6%
Three
0.5%
Four
0.5%
The _____ Stooges
Slapstick comedy team
Three
91.6%
One
0.3%
Two
1.4%
Four
1%
_____ Flew Over the Cuckoo's Nest
1975 Best Picture Winner
One
90.7%
Two
2.2%
Three
0.9%
Four
0.5%
_____ Small Step(s) for Man...
Neil Armstrong quotation
One
90.3%
Two
2.9%
Three
0.7%
Four
0.3%
_____ Wise Men
Alternate name for the Magi from the Bible
Three
90.3%
One
0.8%
Two
1.6%
Four
1.7%
My _____ Cents
To put in one's opinion
Two
90%
One
0.8%
Three
2%
Four
1.4%
The Man with _____ Brains
Steve Martin sci-fi comedy
Two
88.7%
One
0.8%
Three
2.9%
Four
1.5%
_____ and a Half Men
Charlie Sheen and Jon Cryer sitcom
Two
88.2%
One
3.2%
Three
2.7%
Four
0.2%
Tea for _____
Musical standard from No No Nanette
Two
88%
One
3.8%
Three
1.9%
Four
0.4%
The _____ Towers
Second book in the Lord of the Rings series
Two
87.1%
One
0.3%
Three
4.6%
Four
2.2%
_____ Letter Word
Euphemism for a curse word
Four
85%
One
4.1%
Two
2.8%
Three
2.3%
_____ Eyes
Derogatory term for one who wears glasses
Four
83.9%
One
0.5%
Two
9.3%
Three
0.7%
Rogue _____
2016 Star Wars spinoff
One
83.7%
Two
4%
Three
2.6%
Four
3.7%
The Wild _____
Marlon Brando movie
One
82.7%
Two
1.5%
Three
3.9%
Four
5.9%
_____ Horsemen
Symbols of the apocalypse (or a professional wrestling stable)
Four
82.5%
One
1.3%
Two
3.2%
Three
7%
_____ Hundred Years of Solitude
Gabriel Garcia Marquez magnum opus
One
79%
Two
6.4%
Three
4%
Four
4.4%
____ Horse Town
Locale with little in the way of things to do
One
77.7%
Two
10.4%
Three
2.9%
Four
2.8%
Knock _____ Times
Tony Orlando and Dawn song
Three
74.5%
One
1%
Two
15.4%
Four
3.3%
The _____ Tops
'I Can't Help Myself (Sugar Pie, Honey Bunch)' vocal group
Four
72%
One
0.9%
Two
10.9%
Three
10.1%
The _____ Tenors
Popular operatic singing group
Three
70.3%
One
0.4%
Two
4.7%
Four
18.7%
_____ Mile Island
Nuclear power plant in Pennsylvania
Three
69.2%
One
8%
Two
8%
Four
8.7%
_____ Dog Night
'Joy to the World' band
Three
67.3%
One
13.7%
Two
9.7%
Four
3.3%
_____ of Us
Song by the Beatles
Two
65.9%
One
17.3%
Three
2.2%
Four
8.6%
Xbox _____
Current Microsoft console
One
62.7%
Two
7.9%
Three
10.6%
Four
12.8%
Kingdom of the _____ Sicilies
Largest state of pre-unification Italy
Two
60.9%
One
1.8%
Three
21.4%
Four
9%
_____ Freedoms
FDR's fundamental freedoms for the entire world
Four
60.3%
One
2.4%
Two
7.6%
Three
23.1%
Gang of _____
Communist Chinese political faction
Four
51.1%
One
12.8%
Two
8.7%
Three
21%
_____ Noble Truths
Basic tenets of Buddhism
Four
50.9%
One
2.1%
Two
11.9%
Three
28.6%
_____ Gorges Dam
Chinese hydroelectric dam
Three
44.4%
One
7.9%
Two
27.4%
Four
13.6%
_____ Humours
Proto-psychological theory about human temperament
Four
43%
One
2.7%
Two
24.3%
Three
23.1%
_____penny Opera
Play by Bertolt Brecht, responsible for 'Mack the Knife'
Three
41%
One
16%
Two
32.2%
Four
4.6%
The Sign of the _____
Sherlock Holmes story
Four
39.1%
One
17.4%
Two
11.2%
Three
25.6%
Mordecai '_____ Finger' Brown
Baseball Hall of Famer
Three
35%
One
9%
Two
18.1%
Four
31.3%
_____ Piece
Popular Japanese manga/anime series
One
33.7%
Two
29.1%
Three
21.8%
Four
8.7%
_____ Treatises of Government
John Locke political philosophy landmark
Two
27.3%
One
3%
Three
40.9%
Four
22%
Remove Ads.
Support Sporcle.
Get the best of Sporcle when you Go Orange. This ad-free experience offers more features, more stats, and more fun while also helping to support Sporcle. Thank you for becoming a member.

You're not logged in!

Compare scores with friends on all Sporcle quizzes.
OR
Log In

Show Comments

Extras

Top Quizzes Today


Score Distribution

Your Account Isn't Verified!

In order to create a playlist on Sporcle, you need to verify the email address you used during registration. Go to your Sporcle Settings to finish the process.

Report this User

Report this user for behavior that violates our Community Guidelines.

Details: